Biggest cities & villages in The Province of Ragusa (Sicily) - Statistics

General Stats
  • This quiz has been taken 21 times
  • The average score is 4 of 15
Answer Stats
Hint Answer % Correct
73,288 Ragusa
85%
54,456 Modica
69%
64,212 Vittoria
46%
3,468 Marina di Ragusa
31%
16,899 Pozzallo
31%
25,914 Comiso
23%
3,172 Donnalucata
23%
3,418 Giarratana
23%
782 Marina di Modica
23%
27,051 Scicli
23%
14,240 Ispica
15%
3,766 Monterosso Almo
15%
10,973 Santa Croce Camerina
15%
11,325 Acate
8%
8,227 Chiaramonte Gulfi
0%
No matching quizzes found
Score Distribution
Percent of People with Each Score
Percentile by Number Answered
Your Score History
You have not taken this quiz